00690nam a2200229Ia 450000500170000000800410001702000150005808200210007324500540009426000380014826000370018630000170022365000130024065000140025365000110026770000220027870000210030070000210032194200060034295200970034899900150044520250122040312.0240331s9999 xx 000 0 und d a1842777793 bENG25919a305.4 0aEngendering Human Society:bFeminist Perspectives aLondonaNew YorkbZed Booksc2006 aNew DelhibWomen Unlimitedc2006 axxx, 332 p., aFeminism aSexuality aGender aTruong, T. Deedt aWieringa, Seedt aChhachhi, Aeedt cL 001040708LaWERCLbWERCLcSSCd2024-03-31l0o 305.4 ENGp5919r2024-03-31w2024-03-31yL c2528d2528